[Event "Pardubice Czech op-E 34th"]
[Site "Pardubice"]
[Date "2023.07.14"]
[Round "2"]
[White "Kosek, Jiri"]
[Black "Suder, Jakub"]
[Result "0-1"]
[WhiteElo "2006"]
[BlackElo "2264"]
[PlyCount "98"]
[EventDate "2023.07.13"]
[EventType "team-swiss"]
[EventRounds "7"]
[EventCountry "CZE"]
[SourceTitle "CBM 215 Extra"]
[Source "ChessBase"]
[SourceDate "2023.09.30"]
[SourceVersion "1"]
[SourceVersionDate "2023.09.30"]
[SourceQuality "1"]
[WhiteTeam "Pardubice Bohemia"]
[BlackTeam "Frutti Di Mare"]
[WhiteTeamCountry "CZE"]
[BlackTeamCountry "CZE"]

1. c4 e6 2. Nf3 d5 3. e3 Nf6 4. Nc3 Be7 5. b3 0-0 6. Bb2 a5 7. Be2 Nbd7 8. d4 b6 9. 0-0 Bb7 10. Rc1 Ne4 11. cxd5 Nxc3 12. Rxc3 exd5 13. Bd3 Bd6 14. Rc2 Qf6 15. Qe2 Rfe8 16. Rfc1 c6 17. h3 a4 18. Ra1 Ra7 19. Bc3 Qe7 20. Qd2 Rea8 21. b4 a3 22. Rb1 b5 23. Rcc1 Nb6 24. Re1 Nc4 25. Bxc4 bxc4 26. b5 cxb5 27. Rxb5 Bc6 28. Rb6 Ra6 29. Reb1 Rxb6 30. Rxb6 Qc7 31. Rb1 Rb8 32. Qc2 f6 33. Nd2 Be8 34. Qf5 Rxb1+ 35. Qxb1 Qc6 36. f3 Bg6 37. Qe1 h6 38. e4 Kh7 39. exd5 Qxd5 40. Ne4 Bb8 41. Qe2 Ba7 42. Qe3 Qb7 43. Nd2 Bd3 44. Kf2 Bb8 45. Kg1 Qc7 46. Ne4 f5 47. Ng5+ hxg5 48. Qxg5 Qf4 49. Qh5+ Qh6 0-1

[Event "CZE-chT2D 2223"]
[Site "Czech Republic"]
[Date "2023.01.08"]
[Round "6.3"]
[White "Kosek, Jiri"]
[Black "Kacirek, Petr"]
[Result "0-1"]
[WhiteElo "2030"]
[BlackElo "2244"]
[PlyCount "122"]
[EventDate "2022.10.16"]
[EventType "team-tourn"]
[EventRounds "11"]
[EventCountry "CZE"]
[SourceTitle "EXT 2024"]
[Source "ChessBase"]
[SourceDate "2023.10.10"]
[SourceVersion "1"]
[SourceVersionDate "2023.10.10"]
[SourceQuality "1"]
[WhiteTeam "Vysoke Myto"]
[BlackTeam "Rychnov nad Kneznou Panda"]
[WhiteTeamCountry "CZE"]
[BlackTeamCountry "CZE"]

1. d4 Nf6 2. Nf3 b6 3. c4 e6 4. Nc3 Bb4 5. Qc2 Bb7 6. Bg5 h6 7. Bd2 0-0 8. g3 Nc6 9. Rg1 d5 10. cxd5 exd5 11. 0-0-0 Re8 12. e3 Ne4 13. Nxe4 dxe4 14. Qb3 Bd6 15. Nh4 Qf6 16. Bc4 a6 17. Rgf1 b5 18. Be2 Ne7 19. Kb1 Bd5 20. Qc2 Qe6 21. b3 Rec8 22. Qb2 g5 23. Ng2 Ng6 24. Rc1 c6 25. Rc2 Qh3 26. Ne1 a5 27. Rc1 Qe6 28. Nc2 Rc7 29. f4 f5 30. fxg5 hxg5 31. Rf2 a4 32. b4 a3 33. Qc3 Bxa2+ 34. Ka1 Bd5 35. Rcf1 Rf7 36. Bc1 a2 37. Bd2 Kg7 38. Bh5 Raf8 39. Bc1 Kh6 40. Bd1 Qe7 41. Qd2 Bc4 42. Be2 Bd5 43. Bb2 Qe6 44. Bd1 Kg7 45. Bc3 Rh8 46. Ne1 f4 47. Bc2 Rhf8 48. gxf4 gxf4 49. Ng2 f3 50. Ne1 Nh4 51. Rg1+ Kh8 52. Nd3 Rg8 53. Rxg8+ Kxg8 54. Nc5 Qg4 55. Qe1 Ng2 56. Qd2 Bxh2 57. Bb3 Bg1 58. Rf1 Nxe3 59. Re1 f2 60. Qxe3 fxe1Q+ 61. Qxe1 Qg2 0-1

[Event "CZE-chT2D 2223"]
[Site "Czech Republic"]
[Date "2022.12.18"]
[Round "5.4"]
[White "Kosek, Jiri"]
[Black "Hrobar, Vlastimil"]
[Result "0-1"]
[WhiteElo "2030"]
[BlackElo "1976"]
[PlyCount "92"]
[EventDate "2022.10.16"]
[EventType "team-tourn"]
[EventRounds "11"]
[EventCountry "CZE"]
[SourceTitle "EXT 2024"]
[Source "ChessBase"]
[SourceDate "2023.10.10"]
[SourceVersion "1"]
[SourceVersionDate "2023.10.10"]
[SourceQuality "1"]
[WhiteTeam "Vysoke Myto"]
[BlackTeam "Usti nad Orlici"]
[WhiteTeamCountry "CZE"]
[BlackTeamCountry "CZE"]

1. c4 e5 2. Nc3 Nc6 3. g3 f5 4. Bg2 Nf6 5. d3 Bb4 6. Bd2 Bxc3 7. Bxc3 d6 8. e3 0-0 9. Ne2 Qe8 10. 0-0 Qh5 11. d4 e4 12. Nf4 Qf7 13. b3 Ne7 14. Rc1 g5 15. Ne2 d5 16. Bb4 Be6 17. Qc2 c6 18. f4 g4 19. Rfd1 Rfd8 20. Bf1 h5 21. Nc3 Ng6 22. cxd5 Nxd5 23. Nxd5 Bxd5 24. Bc4 Kg7 25. Rd2 Rd7 26. Qd1 Rh8 27. Rdc2 h4 28. Qe1 hxg3 29. hxg3 Kf6 30. Rg2 Ne7 31. Rcc2 Nc8 32. Qc1 Nb6 33. Ba5 Rh3 34. Bxb6 axb6 35. Qe1 Rd8 36. Qb4 b5 37. Bxd5 Rxd5 38. Rc5 Rh8 39. Rcc2 Rh3 40. Qe1 Rd8 41. Qc3 Rd5 42. Qe1 Rd8 43. Rc5 Qh7 44. Qc3 Kg6 45. Qa5 Rh8 46. Rcc2 Rxg3 0-1

[Event "CZE-chT2D 2122"]
[Site "Czech Republic"]
[Date "2022.01.16"]
[Round "6.3"]
[White "Richterova, Natasa"]
[Black "Kosek, Jiri"]
[Result "1/2-1/2"]
[WhiteElo "2185"]
[BlackElo "2054"]
[PlyCount "36"]
[EventDate "2021.10.17"]
[EventType "team-tourn"]
[EventRounds "11"]
[EventCountry "CZE"]
[SourceTitle "EXT 2025"]
[Source "ChessBase"]
[SourceDate "2024.10.14"]
[SourceVersion "1"]
[SourceVersionDate "2024.10.14"]
[SourceQuality "1"]
[WhiteTeam "Horice Jiskra"]
[BlackTeam "Vysoke Myto"]
[WhiteTeamCountry "CZE"]
[BlackTeamCountry "CZE"]

1. e4 c6 2. d4 d5 3. Nd2 dxe4 4. Nxe4 Nf6 5. Ng3 e6 6. Nf3 Nbd7 7. Be2 Bd6 8. c4 b6 9. 0-0 Bb7 10. Qb3 Qc7 11. Bg5 0-0 12. Rfd1 h6 13. Be3 Ng4 14. Bd2 Rad8 15. Rac1 Ngf6 16. Be3 Ng4 17. Bd2 Ngf6 18. Be3 Ng4 1/2-1/2

[Event "CZE-chT2D 2122"]
[Site "Czech Republic"]
[Date "2021.12.19"]
[Round "5.2"]
[White "Sucharda, David"]
[Black "Kosek, Jiri"]
[Result "1-0"]
[WhiteElo "2078"]
[BlackElo "2054"]
[PlyCount "131"]
[EventDate "2021.10.17"]
[EventType "team-tourn"]
[EventRounds "11"]
[EventCountry "CZE"]
[SourceTitle "EXT 2025"]
[Source "ChessBase"]
[SourceDate "2024.10.14"]
[SourceVersion "1"]
[SourceVersionDate "2024.10.14"]
[SourceQuality "1"]
[WhiteTeam "Lipa"]
[BlackTeam "Vysoke Myto"]
[WhiteTeamCountry "CZE"]
[BlackTeamCountry "CZE"]

1. d4 d5 2. c4 e6 3. Nf3 Nf6 4. g3 Be7 5. Bg2 0-0 6. 0-0 Nbd7 7. b3 b6 8. Nc3 Bb7 9. Qc2 c5 10. Rd1 Rc8 11. dxc5 Bxc5 12. e4 Ng4 13. Rd2 Ndf6 14. exd5 exd5 15. h3 Nxf2 16. Rxf2 Ne4 17. Nxe4 dxe4 18. Ne5 f5 19. Bf4 Qe7 20. Rd1 Rcd8 21. Rxd8 Rxd8 22. h4 Re8 23. Kh2 Bd4 24. Bh3 Bxe5 25. Bxf5 Bxf4 26. Rxf4 g6 27. Bg4 e3 28. Rf1 e2 29. Re1 Qf6 30. Rxe2 Rf8 31. Be6+ Kg7 32. Bd5 Bc8 33. Qe4 a6 34. Qe7+ Kh6 35. Qxf6 Rxf6 36. Kg2 Bf5 37. Re7 g5 38. hxg5+ Kxg5 39. Rg7+ Bg6 40. a3 Rd6 41. Re7 Kf6 42. Re1 Bc2 43. Re3 Bb1 44. Kf2 Bf5 45. Kf3 Bc2 46. Kf4 h5 47. Rc3 Bd1 48. b4 Be2 49. Ke3 Bg4 50. Bb7 Ke5 51. c5 bxc5 52. bxc5 Rf6 53. Bg2 Rf7 54. c6 Kd6 55. Be4 Re7 56. Kd4 Kc7 57. Rb3 Re8 58. Rb7+ Kc8 59. Ra7 Kb8 60. Rxa6 Bc8 61. Ra5 Rg8 62. Kc5 Kc7 63. Ra7+ Kd8 64. Kd6 Rxg3 65. c7+ Ke8 66. Ra8 1-0

[Event "CZE-chT2D 2122"]
[Site "Czech Republic"]
[Date "2021.11.07"]
[Round "2.4"]
[White "Kosek, Jiri"]
[Black "Winter, Ondrej"]
[Result "0-1"]
[WhiteElo "2054"]
[BlackElo "2026"]
[PlyCount "72"]
[EventDate "2021.10.17"]
[EventType "team-tourn"]
[EventRounds "11"]
[EventCountry "CZE"]
[SourceTitle "EXT 2025"]
[Source "ChessBase"]
[SourceDate "2024.10.14"]
[SourceVersion "1"]
[SourceVersionDate "2024.10.14"]
[SourceQuality "1"]
[WhiteTeam "Vysoke Myto"]
[BlackTeam "Hradec Kralove Slavia"]
[WhiteTeamCountry "CZE"]
[BlackTeamCountry "CZE"]

1. c4 c5 2. Nc3 Nc6 3. g3 g6 4. Bg2 Bg7 5. e3 e5 6. Nge2 Nge7 7. 0-0 0-0 8. d3 d6 9. f4 Be6 10. Nd5 Rb8 11. Nec3 a6 12. a4 Bxd5 13. Nxd5 Nxd5 14. Bxd5 Nb4 15. e4 exf4 16. Rxf4 Nxd5 17. cxd5 Qb6 18. Kg2 Rbc8 19. Qe2 Rc7 20. Rf2 c4 21. Be3 Qb4 22. Re1 Qxa4 23. d4 c3 24. bxc3 Rxc3 25. Bd2 Rc2 26. Qd3 Bxd4 27. Rfe2 Qc4 28. Qf3 b5 29. h4 b4 30. h5 b3 31. Bh6 Rxe2+ 32. Rxe2 Rc8 33. Re1 Qc2+ 34. Kh3 Qf2 35. Qg4 Rc2 36. Qd7 Qh2+ 0-1

[Event "CZE-chT2D 1920"]
[Site "Czech Republic"]
[Date "2020.02.23"]
[Round "9.5"]
[White "Kastner, Oldrich"]
[Black "Kosek, Jiri"]
[Result "1-0"]
[WhiteElo "2017"]
[BlackElo "2077"]
[PlyCount "79"]
[EventDate "2019.10.13"]
[EventType "team-tourn"]
[EventRounds "11"]
[EventCountry "CZE"]
[SourceTitle "EXT 2024"]
[Source "ChessBase"]
[SourceDate "2023.10.10"]
[SourceVersion "1"]
[SourceVersionDate "2023.10.10"]
[SourceQuality "1"]
[WhiteTeam "Policka Stefanydes"]
[BlackTeam "Vysoke Myto"]
[WhiteTeamCountry "CZE"]
[BlackTeamCountry "CZE"]

1. d4 Nf6 2. Bf4 g6 3. e3 Bg7 4. Nf3 d6 5. Nbd2 Nbd7 6. Bc4 0-0 7. c3 c6 8. h3 b5 9. Bb3 Bb7 10. 0-0 a6 11. Qe2 h6 12. a4 Re8 13. Bh2 Nb6 14. a5 Nbd5 15. e4 Nc7 16. Rfd1 Qd7 17. c4 Nh7 18. e5 Rad8 19. Ne4 Qc8 20. cxb5 cxb5 21. Rac1 Qb8 22. Qc2 Nd5 23. Re1 Bf8 24. Nc3 Nxc3 25. Qxg6+ Bg7 26. Bxf7+ Kh8 27. Bxe8 Ne4 28. Bf7 Rf8 29. Bb3 Rxf3 30. gxf3 Nd2 31. Bd1 Ng5 32. Re3 Qf8 33. Rcc3 Nxh3+ 34. Kg2 b4 35. Rcd3 dxe5 36. Rxd2 exd4 37. Red3 Nf4+ 38. Bxf4 Qxf4 39. Qg3 Qf7 40. Qb8+ 1-0

[Event "CZE-chT2D 1920"]
[Site "Czech Republic"]
[Date "2019.10.13"]
[Round "1.5"]
[White "Kosek, Jiri"]
[Black "Novak, Radomir"]
[Result "1/2-1/2"]
[WhiteElo "2077"]
[BlackElo "2160"]
[PlyCount "145"]
[EventDate "2019.10.13"]
[EventType "team-tourn"]
[EventRounds "11"]
[EventCountry "CZE"]
[SourceTitle "EXT 2024"]
[Source "ChessBase"]
[SourceDate "2023.10.10"]
[SourceVersion "1"]
[SourceVersionDate "2023.10.10"]
[SourceQuality "1"]
[WhiteTeam "Vysoke Myto"]
[BlackTeam "Hradec Kralove Slavia"]
[WhiteTeamCountry "CZE"]
[BlackTeamCountry "CZE"]

1. c4 g6 2. d4 f5 3. Nc3 Nf6 4. g3 Bg7 5. Bg2 0-0 6. e3 d6 7. Nge2 c6 8. 0-0 Qc7 9. b3 e5 10. Bb2 e4 11. d5 c5 12. Nf4 Qe7 13. h4 Na6 14. Qd2 Nc7 15. Rfd1 Rd8 16. Nce2 Ng4 17. Rac1 Ne5 18. Rc2 Bf6 19. Bxe5 Bxe5 20. b4 b6 21. Rb1 Ba6 22. a3 Re8 23. Bf1 Qf7 24. Nc3 h6 25. Be2 Qf6 26. b5 Bc8 27. h5 Bxf4 28. exf4 g5 29. Kg2 g4 30. Rh1 a6 31. a4 axb5 32. axb5 Bd7 33. Nd1 Ra3 34. Ra2 Rea8 35. Rxa3 Rxa3 36. Ne3 Qd4 37. Qc2 Ne8 38. Rd1 Qf6 39. Rh1 Ng7 40. Rh4 Qd4 41. Rh1 Be8 42. Rd1 Qf6 43. Rb1 Bxh5 44. Rb2 Qd8 45. Rb3 Qa8 46. Qc3 Rxb3 47. Qxb3 Qa1 48. Nd1 Ne8 49. Qc2 Bg6 50. Qc3 Qxc3 51. Nxc3 Nf6 52. Na4 Nd7 53. Bd1 Kf8 54. Be2 Ke7 55. Bd1 Kd8 56. Be2 Kc7 57. Nc3 Nf6 58. Nd1 h5 59. Ne3 h4 60. Kh2 Nh5 61. Bd1 hxg3+ 62. fxg3 Nf6 63. Kg2 Kd7 64. Kf2 Ke7 65. Be2 Nd7 66. Bd1 Kf6 67. Nc2 Bf7 68. Be2 Kg6 69. Bf1 Nf6 70. Ne3 Ne8 71. Nd1 Nc7 72. Nc3 Kf6 73. Be2 1/2-1/2

[Event "CZE-chT2D 1819"]
[Site "Czech Republic"]
[Date "2019.03.17"]
[Round "10.5"]
[White "Mouryc, Tomas"]
[Black "Kosek, Jiri"]
[Result "0-1"]
[WhiteElo "1949"]
[BlackElo "2067"]
[PlyCount "116"]
[EventDate "2018.10.14"]
[EventType "team-tourn"]
[EventRounds "11"]
[EventCountry "CZE"]
[SourceTitle "EXT 2022"]
[Source "ChessBase"]
[SourceDate "2021.10.06"]
[SourceVersion "1"]
[SourceVersionDate "2021.10.06"]
[SourceQuality "1"]
[WhiteTeam "Dalesice Pivovar"]
[BlackTeam "Vysoke Myto"]
[WhiteTeamCountry "CZE"]
[BlackTeamCountry "CZE"]

1. c4 c5 2. Nc3 Nf6 3. g3 d5 4. cxd5 Nxd5 5. Bg2 Nc7 6. Qa4+ Qd7 7. Qxd7+ Nxd7 8. d3 g6 9. Be3 Bg7 10. Nh3 Rb8 11. Nf4 e6 12. h4 b6 13. Rb1 Bb7 14. Ne4 Ke7 15. 0-0 h6 16. Bd2 Rhd8 17. Bc3 e5 18. Nd2 Bxg2 19. Nxg2 Nd5 20. Ne3 Nxe3 21. fxe3 Ke6 22. e4 Rf8 23. b4 Rfc8 24. b5 Nf6 25. Nc4 Ng4 26. a4 h5 27. a5 bxa5 28. Bxa5 Bh6 29. Rf3 Rb7 30. b6 axb6 31. Rxb6+ Rxb6 32. Bxb6 Rc6 33. Bd8 Ra6 34. Ba5 Ne3 35. Nxe3 Bxe3+ 36. Rxe3 Rxa5 37. Rf3 Ra2 38. Kf2 Ra3 39. Ke1 Ra2 40. Kd1 f5 41. exf5+ gxf5 42. Ke1 Ra4 43. Kf2 Rg4 44. Kg2 f4 45. Kh3 Kd5 46. gxf4 exf4 47. e3 fxe3 48. Rxe3 Kd4 49. Rf3 Ke5 50. Rf8 Rf4 51. Rh8 Rf5 52. Rg8 Kf4 53. Rg7 Rd5 54. Rg3 Re5 55. Kg2 Re2+ 56. Kf1 Kxg3 57. Kxe2 Kxh4 58. Kf3 Kg5 0-1

[Event "CZE-chT2D 1819"]
[Site "Czech Republic"]
[Date "2018.12.16"]
[Round "5.6"]
[White "Kosek, Jiri"]
[Black "Malivanek, Jiri"]
[Result "1/2-1/2"]
[WhiteElo "2067"]
[BlackElo "2045"]
[PlyCount "111"]
[EventDate "2018.10.14"]
[EventType "team-tourn"]
[EventRounds "11"]
[EventCountry "CZE"]
[SourceTitle "EXT 2022"]
[Source "ChessBase"]
[SourceDate "2021.10.06"]
[SourceVersion "1"]
[SourceVersionDate "2021.10.06"]
[SourceQuality "1"]
[WhiteTeam "Vysoke Myto"]
[BlackTeam "Chrudim"]
[WhiteTeamCountry "CZE"]
[BlackTeamCountry "CZE"]

1. d4 e6 2. c4 d5 3. Nc3 Nf6 4. Nf3 c6 5. e3 Nbd7 6. Bd3 dxc4 7. Bxc4 b5 8. Bd3 a6 9. 0-0 c5 10. e4 Bb7 11. Re1 Be7 12. e5 Nd5 13. Nxd5 Bxd5 14. b3 Rc8 15. Be3 c4 16. Bc2 Nb6 17. Nd2 Qc7 18. Qg4 g5 19. Qh5 cxb3 20. Bxb3 Nc4 21. Rac1 h6 22. Rc2 Qb7 23. Qe2 0-0 24. f4 Nxe3 25. Rxc8 Rxc8 26. Qxe3 Bxg2 27. fxg5 hxg5 28. Qg3 Bd5 29. h4 Kg7 30. Rf1 Rg8 31. Qf2 Bd8 32. Bxd5 exd5 33. h5 Rh8 34. Qf3 Qd7 35. Nb3 g4 36. Qf4 Rxh5 37. Nc5 Qe7 38. Rf2 Bb6 39. Rg2 Kg6 40. Qf2 Qh4 41. Qxh4 Rxh4 42. Rf2 Rh6 43. Kg2 Kg7 44. Rd2 a5 45. Kg3 Rg6 46. Nd7 Bd8 47. Rc2 Rh6 48. Kxg4 Rh4+ 49. Kf5 Rxd4 50. Rg2+ Kh6 51. Rg8 Be7 52. Nf6 Rd2 53. Rh8+ Kg7 54. Rh7+ Kf8 55. Rh8+ Kg7 56. Rh7+ 1/2-1/2

[Event "CZE-chT2D 1718"]
[Site "Czech Republic"]
[Date "2018.04.08"]
[Round "11.3"]
[White "Stratil, Ladislav Jr"]
[Black "Kosek, Jiri"]
[Result "1-0"]
[WhiteElo "2356"]
[BlackElo "2110"]
[PlyCount "89"]
[EventDate "2017.10.15"]
[EventType "team-tourn"]
[EventRounds "11"]
[EventCountry "CZE"]
[SourceTitle "EXT 2022"]
[Source "ChessBase"]
[SourceDate "2021.10.06"]
[SourceVersion "1"]
[SourceVersionDate "2021.10.06"]
[SourceQuality "1"]
[WhiteTeam "Velke Losiny"]
[BlackTeam "Vysoke Myto"]
[WhiteTeamCountry "CZE"]
[BlackTeamCountry "CZE"]

1. e4 c5 2. Nf3 d6 3. d3 Nc6 4. g3 g6 5. Bg2 Bg7 6. Nbd2 e6 7. 0-0 Nge7 8. Re1 0-0 9. Nf1 b6 10. h4 Bb7 11. h5 h6 12. c3 g5 13. N1h2 Qd7 14. d4 cxd4 15. cxd4 Rac8 16. a3 f5 17. d5 exd5 18. exd5 Na5 19. Nxg5 hxg5 20. Bxg5 Rf7 21. Ra2 Nc4 22. b3 Ne5 23. f4 Ng4 24. Nxg4 fxg4 25. Kh2 Ba6 26. Re6 Nf5 27. h6 Bh8 28. Qxg4 Kf8 29. Bh3 Bb7 30. Qxf5 Rxf5 31. Bxf5 Qf7 32. Be7+ Qxe7 33. Rxe7 Kxe7 34. Bxc8 Bxc8 35. Rc2 Bf5 36. Rc7+ Kf6 37. Rxa7 Kg6 38. h7 Bd4 39. Rb7 Be4 40. Rxb6 Bf3 41. Rxd6+ Kxh7 42. a4 Bd1 43. a5 Bxb3 44. a6 Ba4 45. Rc6 1-0

[Event "CZE-chT2D 1718"]
[Site "Czech Republic"]
[Date "2018.02.11"]
[Round "8.5"]
[White "Kosek, Jiri"]
[Black "Cerha, Michal"]
[Result "1/2-1/2"]
[WhiteElo "2110"]
[BlackElo "2048"]
[PlyCount "59"]
[EventDate "2017.10.15"]
[EventType "team-tourn"]
[EventRounds "11"]
[EventCountry "CZE"]
[SourceTitle "EXT 2022"]
[Source "ChessBase"]
[SourceDate "2021.10.06"]
[SourceVersion "1"]
[SourceVersionDate "2021.10.06"]
[SourceQuality "1"]
[WhiteTeam "Vysoke Myto"]
[BlackTeam "Nachod"]
[WhiteTeamCountry "CZE"]
[BlackTeamCountry "CZE"]

1. d4 d5 2. Nf3 e6 3. c4 Nf6 4. Nc3 Be7 5. Bg5 Nbd7 6. e3 b6 7. cxd5 exd5 8. Bd3 Bb7 9. 0-0 0-0 10. Rc1 Rc8 11. Nb5 c5 12. Nxa7 Ra8 13. Nb5 Rxa2 14. Qe2 Ne4 15. Bxe7 Qxe7 16. Ra1 Rfa8 17. Rxa2 Rxa2 18. Bb1 Ra5 19. Nc3 Ndf6 20. Rd1 Nxc3 21. bxc3 Ne4 22. Qb2 Qc7 23. Nd2 Nd6 24. Bd3 g6 25. Rb1 Ba6 26. Bxa6 Rxa6 27. Ra1 Qa7 28. Rxa6 Qxa6 29. g3 h5 30. h4 1/2-1/2

[Event "CZE-chT2D 1718"]
[Site "Czech Republic"]
[Date "2017.10.15"]
[Round "1.4"]
[White "Siebenburger, Vlastimil"]
[Black "Kosek, Jiri"]
[Result "1/2-1/2"]
[WhiteElo "2059"]
[BlackElo "2110"]
[PlyCount "42"]
[EventDate "2017.10.15"]
[EventType "team-tourn"]
[EventRounds "11"]
[EventCountry "CZE"]
[SourceTitle "EXT 2022"]
[Source "ChessBase"]
[SourceDate "2021.10.06"]
[SourceVersion "1"]
[SourceVersionDate "2021.10.06"]
[SourceQuality "1"]
[WhiteTeam "Zdar nad Sazavou"]
[BlackTeam "Vysoke Myto"]
[WhiteTeamCountry "CZE"]
[BlackTeamCountry "CZE"]

1. d4 Nf6 2. c4 e6 3. Nc3 d5 4. cxd5 Nxd5 5. e4 Nxc3 6. bxc3 c5 7. Nf3 cxd4 8. cxd4 Bb4+ 9. Bd2 Bxd2+ 10. Qxd2 0-0 11. Bc4 b6 12. 0-0 Bb7 13. Qf4 Nd7 14. e5 Rc8 15. Bd3 h6 16. Rfd1 Nb8 17. Nd2 Qg5 18. Qxg5 hxg5 19. Ne4 Bxe4 20. Bxe4 Nc6 21. g3 Rfd8 1/2-1/2

[Event "CZE-chT rap"]
[Site "Pardubice"]
[Date "2017.07.14"]
[Round "3.5"]
[White "Kosek, Jiri"]
[Black "Domogaev, Sergey"]
[Result "0-1"]
[WhiteElo "2109"]
[BlackElo "2395"]
[PlyCount "90"]
[EventDate "2017.07.13"]
[EventType "team-swiss"]
[EventRounds "7"]
[EventCountry "CZE"]
[SourceTitle "EXT 2018"]
[Source "ChessBase"]
[SourceDate "2017.10.13"]
[SourceVersion "1"]
[SourceVersionDate "2017.10.13"]
[SourceQuality "1"]
[WhiteTeam "Vysoke Myto"]
[BlackTeam "Tulachess"]
[WhiteTeamCountry "CZE"]
[BlackTeamCountry "CZE"]

1. d4 Nf6 2. Nf3 g6 3. c4 Bg7 4. Nc3 d5 5. e3 0-0 6. Bd3 c5 7. 0-0 cxd4 8. exd4 Nc6 9. h3 Nb4 10. Be3 Nxd3 11. Qxd3 Bf5 12. Qe2 dxc4 13. Qxc4 Ne4 14. Rac1 Rc8 15. Qb4 Nd6 16. Ne5 Be6 17. Rfd1 a5 18. Qa3 Nf5 19. Nf3 Bc4 20. b3 Ba6 21. Qb2 b5 22. Qd2 b4 23. Na4 Rxc1 24. Rxc1 Bb7 25. Qe2 Bxf3 26. Qxf3 Nxd4 27. Qd1 Qd6 28. Rc4 Rd8 29. Nc5 Qd5 30. f3 h5 31. Ne4 f5 32. Ng5 f4 33. Bxf4 Rf8 34. Bd2 Nf5 35. Qe2 Rd8 36. Bf4 e5 37. Bc1 Ng3 38. Qe1 h4 39. Rxh4 Qd1 40. Kf2 Nh1+ 41. Kf1 e4 42. Nxe4 Be5 43. Bd2 Rxd2 44. Nxd2 Qxe1+ 45. Kxe1 Bg3+ 0-1

[Event "CZE-chT2D 1617"]
[Site "Czech Republic"]
[Date "2016.11.13"]
[Round "3.5"]
[White "Vesely, Vitek"]
[Black "Kosek, Jiri"]
[Result "1/2-1/2"]
[WhiteElo "2032"]
[BlackElo "2070"]
[PlyCount "109"]
[EventDate "2016.10.09"]
[EventType "team-tourn"]
[EventRounds "11"]
[EventCountry "CZE"]
[SourceTitle "EXT 2022"]
[Source "ChessBase"]
[SourceDate "2021.10.06"]
[SourceVersion "1"]
[SourceVersionDate "2021.10.06"]
[SourceQuality "1"]
[WhiteTeam "Dalesice Pivovar"]
[BlackTeam "Vysoke Myto"]
[WhiteTeamCountry "CZE"]
[BlackTeamCountry "CZE"]

1. d4 d5 2. c4 e6 3. Nc3 Nf6 4. cxd5 exd5 5. Bg5 Be7 6. e3 0-0 7. Bd3 h6 8. Bf4 c6 9. h3 Bd6 10. Bxd6 Qxd6 11. Nf3 Re8 12. Qc2 Nbd7 13. 0-0-0 b5 14. g4 b4 15. Na4 Ne4 16. Bxe4 dxe4 17. Nd2 Qd5 18. Nb3 a5 19. Kb1 Ba6 20. Nbc5 Bb5 21. Nxd7 Bd3 22. Rxd3 exd3 23. Qd1 Qg2 24. Qf1 Qf3 25. Ndc5 d2 26. Nd3 Rad8 27. Kc2 Rxd4 28. exd4 Re1 29. Qxe1 dxe1R 30. Rxe1 Qxh3 31. Re8+ Kh7 32. Re4 Qg2 33. Nac5 Qf3 34. Kd2 f6 35. b3 Qh1 36. Ke3 Qa1 37. Re7 Qxa2 38. Ne6 Qxb3 39. Nxg7 a4 40. Nf5+ Kg8 41. Kd2 Qc3+ 42. Ke2 Qc2+ 43. Ke3 b3 44. Nf4 Qc1+ 45. Kf3 Qxf4+ 46. Kxf4 b2 47. Nd6 b1Q 48. Re8+ Kg7 49. Re7+ Kg6 50. Nf5 Qc1+ 51. Kg3 Qg1+ 52. Kf3 Qh1+ 53. Kg3 Qg1+ 54. Kf3 Qd1+ 55. Kg3 1/2-1/2

[Event "CZE-chT2D 1516"]
[Site "Czech Republic"]
[Date "2016.04.03"]
[Round "10.4"]
[White "Stratil, Petr"]
[Black "Kosek, Jiri"]
[Result "1/2-1/2"]
[WhiteElo "2066"]
[BlackElo "2072"]
[PlyCount "23"]
[EventDate "2015.10.18"]
[EventType "team-tourn"]
[EventRounds "11"]
[EventCountry "CZE"]
[SourceTitle "EXT 2022"]
[Source "ChessBase"]
[SourceDate "2021.10.06"]
[SourceVersion "1"]
[SourceVersionDate "2021.10.06"]
[SourceQuality "1"]
[WhiteTeam "Zabreh"]
[BlackTeam "Vysoke Myto"]
[WhiteTeamCountry "CZE"]
[BlackTeamCountry "CZE"]

1. Nf3 d5 2. g3 Nf6 3. Bg2 g6 4. 0-0 Bg7 5. d3 0-0 6. Nbd2 c5 7. e4 dxe4 8. dxe4 Nc6 9. Qe2 Bg4 10. c3 Qd7 11. Re1 Rad8 12. Qb5 1/2-1/2

[Event "CZE-chT2D 1516"]
[Site "Czech Republic"]
[Date "2016.02.21"]
[Round "8.5"]
[White "Kosek, Jiri"]
[Black "Varejcko, Josef"]
[Result "0-1"]
[WhiteElo "2072"]
[BlackElo "2230"]
[PlyCount "96"]
[EventDate "2015.10.18"]
[EventType "team-tourn"]
[EventRounds "11"]
[EventCountry "CZE"]
[SourceTitle "EXT 2022"]
[Source "ChessBase"]
[SourceDate "2021.10.06"]
[SourceVersion "1"]
[SourceVersionDate "2021.10.06"]
[SourceQuality "1"]
[WhiteTeam "Vysoke Myto"]
[BlackTeam "Lipa ZVU Engineering"]
[WhiteTeamCountry "CZE"]
[BlackTeamCountry "CZE"]

1. d4 Nf6 2. c4 c5 3. Nf3 g6 4. Nc3 Bg7 5. e3 0-0 6. Be2 cxd4 7. Nxd4 Nc6 8. 0-0 d5 9. Nf3 dxc4 10. Bxc4 Bg4 11. Be2 Qxd1 12. Rxd1 Rfd8 13. Bd2 Nd5 14. Nxd5 Rxd5 15. Be1 Rad8 16. Rxd5 Rxd5 17. Rc1 Bxb2 18. Rb1 Bf6 19. Rxb7 Rc5 20. Rb1 Rc2 21. Bb5 Bxf3 22. gxf3 Ne5 23. a4 Nxf3+ 24. Kg2 Nxe1+ 25. Rxe1 Bh4 26. Re2 Rc5 27. Rd2 Kg7 28. Rd4 Bf6 29. Rc4 Rd5 30. Rc2 a5 31. Bc6 Rd1 32. Bf3 Ra1 33. Bc6 Ra3 34. Bb5 Bc3 35. Bc6 Bb4 36. Bb5 g5 37. h3 h5 38. Bd7 h4 39. Bb5 Bd6 40. Bd7 Kf6 41. Bc6 Ke5 42. Bb5 f5 43. Bc6 g4 44. Rc4 g3 45. Rxh4 gxf2 46. e4 Bc5 47. Bb5 Ra1 48. exf5 Rg1+ 0-1

[Event "CZE-chT2D 1415"]
[Site "Czech Republic"]
[Date "2015.01.25"]
[Round "6.4"]
[White "Kosek, Jiri"]
[Black "Vaculik, Jakub"]
[Result "0-1"]
[WhiteElo "2070"]
[BlackElo "1966"]
[PlyCount "144"]
[EventDate "2014.11.02"]
[EventType "team-tourn"]
[EventRounds "11"]
[EventCountry "CZE"]
[SourceTitle "EXT 2022"]
[Source "ChessBase"]
[SourceDate "2021.10.06"]
[SourceVersion "1"]
[SourceVersionDate "2021.10.06"]
[SourceQuality "1"]
[WhiteTeam "Vysoke Myto"]
[BlackTeam "Velke Losiny"]
[WhiteTeamCountry "CZE"]
[BlackTeamCountry "CZE"]

1. c4 c6 2. Nc3 d5 3. d4 Nf6 4. Nf3 e6 5. e3 Nbd7 6. Qc2 Be7 7. b3 0-0 8. Bd3 b6 9. 0-0 Bb7 10. Bb2 Rc8 11. Rfd1 Qc7 12. Rac1 Rfd8 13. Qe2 c5 14. cxd5 exd5 15. Bf5 g6 16. Bb1 Qb8 17. Nd2 Bd6 18. g3 Re8 19. Qf1 cxd4 20. exd4 Re6 21. Nf3 Rce8 22. Ng5 R6e7 23. Nb5 h6 24. Nf3 Ne4 25. Nxd6 Qxd6 26. Bd3 f5 27. Rc2 Ng5 28. Nh4 Kh7 29. Bc1 Nf6 30. Bf4 Qb4 31. Be5 Ng4 32. Re2 Nxe5 33. dxe5 Ne4 34. Rc2 Rxe5 35. Nf3 R5e7 36. Bb5 Rd8 37. Rd4 Qd6 38. Qc1 Nc5 39. Rcd2 Ne6 40. R4d3 d4 41. Qd1 Bxf3 42. Qxf3 Nc5 43. Rxd4 Qxd4 44. Rxd4 Rxd4 45. Bc4 Ne4 46. Qf4 Rd1+ 47. Kg2 Rd2 48. Qb8 Rxf2+ 49. Kg1 Rg7 50. a4 Rb2 51. Qd8 Nd2 52. Be6 Nf3+ 53. Kf1 Nxh2+ 54. Kg1 Nf3+ 55. Kf1 Nd2+ 56. Kg1 Nxb3 57. Qc8 Nd4 58. Bd5 Ne2+ 59. Kf1 Nxg3+ 60. Ke1 Ne4 61. Kf1 Nf6 62. Be6 Re7 63. Qf8 Rb1+ 64. Kg2 Rb2+ 65. Kf1 Rg7 66. Qxf6 Rb4 67. Ke1 Re4+ 68. Kd2 Rxa4 69. Bxf5 Ra5 70. Be6 Rg5 71. Ke3 b5 72. Qd8 Re5+ 0-1